Разных лиц с неразборчивыми подписями и без подписей

RUSMARC
00005501nac2a22003733x 450
00129886b5a-b754-4eb7-b8eb-4783614c5a91
00520240723123545.0
100##$a20240716l18801888k y0rusy50 ca
1010#$arus
$afre
$ager
102##$aRU
105##$ay z |||||
1222#$ad18801231
$ad18881231
2001#$aРазных лиц с неразборчивыми подписями и без подписей
$j1880 - 1888
215##$a28 листов
$d31 х 24,6
251##$cДело
300##$aЗаголовок дела на папке: Письма разных лиц с неразобранными фамилиями и без подписей к Лорис-Меликову, Михаилу Тариэловичу
300##$aЛист: 5 - вензель
300##$aЧасть текста на французском и немецком языках
300##$aВ деле имеются телеграммы
300##$aЧасть текста машинописная и рукописная, часть - напечатана типографским способом
325##$aЗамикрофильмировано
330##$aВходит в раздел описи: Письма разных лиц к Лорис-Меликову
461#0$1001cda3d175-ae4a-411a-8dea-9cc20fb178f6
$12001
$aЛорис-Меликов Михаил Тариелович, граф, министр внутренних дел, главный начальник "верховной распорядительной комиссии по охранению государственного порядка и общественного спокойствия", генерал от кавалерии
$1251
$cФонд
$1852
$j569
462#0$1001163e060a-d7cc-404d-90ee-e28c9801971b
$12001
$aОпись дел фонда М. Т. Лорис-Меликова за 1858-1915 гг.
$vД. 255
$1251
$cОпись
$1852
$j1
5171#$aПисьма разных лиц с неразобранными фамилиями и без подписей к Лорис-Меликову, Михаилу Тариэловичу
600#1$aЛорис-Меликов
$bМ. Т.
$gМихаил Тариелович
605##$3DITM\AF\0000002775
$aВласть
$lколлекция
$2acquisition_prlib
6101#$aПисьма
686##$a63.3(2)535-332ю1
$cИстория
$2rubbk
686##$a67.400.6ю1
$cПраво
$2rubbk
702#1$aЛорис-Меликов
$bМ. Т.
$gМихаил Тариелович
$4660
801#0$aRU
$bGA_RF
801#1$aRU
$bГлавНИВЦ
$c20240716
$2rusmarc
801#2$aRU
$bПБ им. Б.Н. Ельцина
$c20240723
$gRCR
$2rusmarc
852##$aГА РФ
$j255
937##$d193075227
$hГАРФ
035##$aRuPRLIB51076707
856##$uhttp://readingroom.main.prlib.ru/item.aspx?id_node=n193075227&mode=full
Формат отображения